000 00308nam a22001337a 4500
020 _a8173711836
082 _a920
_bNEW/M
100 _aNEWTON,DAVID E
245 _aJAMES WATSON AND FRANCIS CRICK
260 _aHYDERABAD
_bUNIVERSITIES PRESS
300 _a130
650 _aBIOGRAPHY
_zHYDERABAD
942 _cBK
999 _c5859
_d5859